<?xml version="1.0" encoding="UTF-8"?><?xml-stylesheet type="text/xsl" href="static/style.xsl"?><OAI-PMH xmlns="http://www.openarchives.org/OAI/2.0/" xmlns:xsi="http://www.w3.org/2001/XMLSchema-instance" xsi:schemaLocation="http://www.openarchives.org/OAI/2.0/ http://www.openarchives.org/OAI/2.0/OAI-PMH.xsd"><responseDate>2026-04-27T21:42:49Z</responseDate><request verb="GetRecord" identifier="oai:uvadoc.uva.es:10324/5936" metadataPrefix="marc">https://uvadoc.uva.es/oai/request</request><GetRecord><record><header><identifier>oai:uvadoc.uva.es:10324/5936</identifier><datestamp>2025-02-17T14:02:02Z</datestamp><setSpec>com_10324_38</setSpec><setSpec>col_10324_852</setSpec></header><metadata><record xmlns="http://www.loc.gov/MARC21/slim" xmlns:doc="http://www.lyncode.com/xoai" xmlns:xsi="http://www.w3.org/2001/XMLSchema-instance" xmlns:dcterms="http://purl.org/dc/terms/" xsi:schemaLocation="http://www.loc.gov/MARC21/slim http://www.loc.gov/standards/marcxml/schema/MARC21slim.xsd">
<leader>00925njm 22002777a 4500</leader>
<datafield tag="042" ind1=" " ind2=" ">
<subfield code="a">dc</subfield>
</datafield>
<datafield tag="720" ind1=" " ind2=" ">
<subfield code="a">López Portero, Soraya</subfield>
<subfield code="e">author</subfield>
</datafield>
<datafield tag="260" ind1=" " ind2=" ">
<subfield code="c">2014</subfield>
</datafield>
<datafield tag="520" ind1=" " ind2=" ">
<subfield code="a">El dolor agudo postquirúrgico es aquel dolor que aparece como&#xd;
consecuencia de una intervención quirúrgica en el paciente y por esta razón,&#xd;
tiene la particularidad de ser un dolor de carácter previsible e implica que&#xd;
puede ser tratado de forma inmediata, siendo esto una ventaja incondicional&#xd;
para el paciente.&#xd;
Aún así, la prevalencia del dolor agudo postquirúrgico en los últimos años&#xd;
estudiados alcanza un 68% en los hospitales españoles. La repercusión que&#xd;
causa la presencia del dolor postoperatorio, tiene una relación directa con el&#xd;
aumento de morbilidad y el aumento del coste sanitario porque se prolonga la&#xd;
estancia hospitalaria, se origina mayor gasto de recursos sanitarios, farmacia,&#xd;
equipos, materiales, etc. Actualmente, es una de las preocupaciones&#xd;
prevalentes en el ámbito hospitalario.&#xd;
El personal de enfermería tiene un papel vital en el control del dolor agudo&#xd;
postquirúrgico. Una mala calidad en el proceso de enfermería, supone un&#xd;
inapropiado manejo del dolor y perjudica directamente al paciente en lo que se&#xd;
refiere a salvaguardar su derecho fundamental: el derecho a la salud. Así&#xd;
mismo, puede provocar la aparición de las principales consecuencias negativas&#xd;
del dolor postoperatorio; un aumento de la morbilidad y del coste sanitario.&#xd;
El registro del dolor como “quinta constante” aumenta el compromiso del&#xd;
manejo del dolor y debe ser una de las funciones propias del personal de&#xd;
enfermería porque, el manejo adecuado del dolor agudo postquirúrgico es un&#xd;
objetivo de mejora en la calidad asistencial.</subfield>
</datafield>
<datafield tag="024" ind2=" " ind1="8">
<subfield code="a">http://uvadoc.uva.es/handle/10324/5936</subfield>
</datafield>
<datafield ind1=" " ind2=" " tag="653">
<subfield code="a">Enfermería quirúrgica</subfield>
</datafield>
<datafield ind1=" " ind2=" " tag="653">
<subfield code="a">Dolor</subfield>
</datafield>
<datafield tag="245" ind1="0" ind2="0">
<subfield code="a">El dolor agudo postquirúrgico en el adulto "la 5ª constante"</subfield>
</datafield>
</record></metadata></record></GetRecord></OAI-PMH>